Диалектика общедемократических и социалистических преобразований при переходе к социализму, минуя капитализм

Dades bibliogràfiques
Autor principal: Махмудов М. Х. Мэлс Хасанович
Autor corporatiu: Бухарский государственный педагогический институт им. С. Орджоникидзе (БГПИ)
Altres autors: Юсупов Э. Ю. (редактор)
Sumari:Исключено из фонда НТБ ТПУ
Idioma:rus
Publicat: Ташкент, Фан, 1987
Format: MixedMaterials Llibre
KOHA link:https://koha.lib.tpu.ru/cgi-bin/koha/opac-detail.pl?biblionumber=256511

MARC

LEADER 00000nam0a2200000 4500
001 256511
005 20231031215540.0
020 |a RU  |b 88-9140 
035 |a (RuTPU)RU\TPU\book\279213 
090 |a 256511 
100 |a 20140409d1987 k y0rusy5003 ca 
101 0 |a rus 
102 |a UZ 
105 |a y z 000zy 
200 1 |a Диалектика общедемократических и социалистических преобразований при переходе к социализму, минуя капитализм  |f М. Х. Махмудов  |g Бухарский государственный педагогический институт им. С. Орджоникидзе (БГПИ) ; под ред. Э. Ю. Юсупова 
210 |a Ташкент  |c Фан  |d 1987 
215 |a 206,[2] с. 
333 |a Исключено из фонда НТБ ТПУ 
700 1 |a Махмудов  |b М. Х.  |g Мэлс Хасанович 
702 1 |a Юсупов  |b Э. Ю.  |4 340 
712 0 2 |a Бухарский государственный педагогический институт им. С. Орджоникидзе (БГПИ)  |c (1934-1992) 
801 0 |a RU  |b RuMRKP  |c 19950417  |g psbo 
801 1 |a RU  |b 63413507  |c 20140409 
801 2 |a RU  |b 63413507  |c 20220309  |g RCR 
942 |c BK